000 00538nam a2200217Ia 4500
003 OSt
005 20220928151635.0
006 a|||||r|||| 00| 0
007 ta
008 220927b |||||||| |||| 00| 0 eng d
024 _a130248
037 _cTextual
040 _aSDCL
_cSDCL
_beng
041 _2eng
_aeng
082 _aD654, M4
100 _aGottlied Irving M
_9517922
245 0 _aSolid-stste power electronics.
260 _c1984
942 _hD654, M4
_cTEXL
_2CC
999 _c852450
_d852450